<?xml version="1.0" encoding="UTF-8"?>
<record
    xmlns:xsi="http://www.w3.org/2001/XMLSchema-instance"
    xsi:schemaLocation="http://www.loc.gov/MARC21/slim http://www.loc.gov/standards/marcxml/schema/MARC21slim.xsd"
    xmlns="http://www.loc.gov/MARC21/slim">

  <leader>01607nam0a2200337 i 4500</leader>
  <controlfield tag="001">RU\NLR\bibl\2029125</controlfield>
  <controlfield tag="005">20240723101621.0</controlfield>
  <datafield tag="010" ind1=" " ind2=" ">
    <subfield code="a">9785930151350</subfield>
  </datafield>
  <datafield tag="021" ind1=" " ind2=" ">
    <subfield code="a">RU</subfield>
    <subfield code="b">2013-28135</subfield>
    <subfield code="9">1936</subfield>
  </datafield>
  <datafield tag="035" ind1=" " ind2=" ">
    <subfield code="a">(NLR Aleph) 002017023</subfield>
  </datafield>
  <datafield tag="090" ind1=" " ind2=" ">
    <subfield code="a">4486359</subfield>
    <subfield code="c">4486359</subfield>
  </datafield>
  <datafield tag="100" ind1=" " ind2=" ">
    <subfield code="a">20130429d2012    u  y0rusy50      ca</subfield>
  </datafield>
  <datafield tag="101" ind1="0" ind2=" ">
    <subfield code="a">rus</subfield>
  </datafield>
  <datafield tag="102" ind1=" " ind2=" ">
    <subfield code="a">RU</subfield>
  </datafield>
  <datafield tag="105" ind1=" " ind2=" ">
    <subfield code="a">a   |||||||||</subfield>
  </datafield>
  <datafield tag="200" ind1="1" ind2=" ">
    <subfield code="a">&#x421;&#x43A;&#x430;&#x437;&#x43A;&#x430; &#x43E; &#x431;&#x43E;&#x43B;&#x44C;&#x43D;&#x43E;&#x439; &#x441;&#x43B;&#x43E;&#x43D;&#x438;&#x445;&#x435;, &#x43E; &#x43B;&#x438;&#x441;&#x435;-&#x444;&#x440;&#x430;&#x43D;&#x442;&#x438;&#x445;&#x435; &#x438; &#x43E; &#x434;&#x435;&#x432;&#x435;-&#x43A;&#x440;&#x43E;&#x43A;&#x43E;&#x434;&#x438;&#x43B;&#x43A;&#x435; &#x441; &#x442;&#x430;&#x43B;&#x438;&#x435;&#x439;, &#x43A;&#x430;&#x43A; &#x440;&#x44E;&#x43C;&#x43A;&#x430;</subfield>
    <subfield code="f">&#x410;.&#x411;. &#x422;&#x440;&#x443;&#x445;&#x430;&#x447;&#x435;&#x432;</subfield>
    <subfield code="g">&#x440;&#x438;&#x441;. &#x430;&#x432;&#x442;.</subfield>
  </datafield>
  <datafield tag="210" ind1=" " ind2=" ">
    <subfield code="a">&#x41C;&#x43E;&#x441;&#x43A;&#x432;&#x430;</subfield>
    <subfield code="c">&#x414;&#x43E;&#x43C;-&#x43C;&#x443;&#x437;&#x435;&#x439; &#x41C;&#x430;&#x440;&#x438;&#x43D;&#x44B; &#x426;&#x432;&#x435;&#x442;&#x430;&#x435;&#x432;&#x43E;&#x439;</subfield>
    <subfield code="d">2012</subfield>
  </datafield>
  <datafield tag="215" ind1=" " ind2=" ">
    <subfield code="a">35 &#x441;.</subfield>
    <subfield code="c">&#x438;&#x43B;.</subfield>
    <subfield code="d">20</subfield>
  </datafield>
  <datafield tag="300" ind1=" " ind2=" ">
    <subfield code="a">&#x41D;&#x430; &#x430;&#x432;&#x430;&#x43D;&#x442;&#x438;&#x442;.: &#x41A; 100-&#x43B;&#x435;&#x442;&#x438;&#x44E; &#x441;&#x43E; &#x434;&#x43D;&#x44F; &#x440;&#x43E;&#x436;&#x434;&#x435;&#x43D;&#x438;&#x44F; &#x410;&#x43D;&#x434;&#x440;&#x435;&#x44F; &#x411;&#x43E;&#x440;&#x438;&#x441;&#x43E;&#x432;&#x438;&#x447;&#x430; &#x422;&#x440;&#x443;&#x445;&#x430;&#x447;&#x435;&#x432;&#x430;</subfield>
  </datafield>
  <datafield tag="327" ind1="1" ind2=" ">
    <subfield code="a">&#x412; &#x43A;&#x43D;. &#x442;&#x430;&#x43A;&#x436;&#x435;: &#x411;&#x44B;&#x43B;&#x430; &#x432; &#x435;&#x433;&#x43E; &#x436;&#x438;&#x437;&#x43D;&#x438; &#x441;&#x43A;&#x430;&#x437;&#x43A;&#x430;/ &#x41E;&#x43B;&#x44C;&#x433;&#x430; &#x422;&#x440;&#x443;&#x445;&#x430;&#x447;&#x435;&#x432;&#x430;</subfield>
  </datafield>
  <datafield tag="464" ind1=" " ind2="0">
    <subfield code="1">2001#$a&#x411;&#x44B;&#x43B;&#x430; &#x432; &#x435;&#x433;&#x43E; &#x436;&#x438;&#x437;&#x43D;&#x438; &#x441;&#x43A;&#x430;&#x437;&#x43A;&#x430;$f&#x41E;&#x43B;&#x44C;&#x433;&#x430; &#x422;&#x440;&#x443;&#x445;&#x430;&#x447;&#x435;&#x432;&#x430;</subfield>
    <subfield code="1">700#1$a&#x422;&#x440;&#x443;&#x445;&#x430;&#x447;&#x435;&#x432;&#x430;$b&#x41E;. &#x410;.$f1957-$g&#x41E;&#x43B;&#x44C;&#x433;&#x430; &#x410;&#x43D;&#x434;&#x440;&#x435;&#x435;&#x432;&#x43D;&#x430;$4070</subfield>
    <subfield code="t">&#x411;&#x44B;&#x43B;&#x430; &#x432; &#x435;&#x433;&#x43E; &#x436;&#x438;&#x437;&#x43D;&#x438; &#x441;&#x43A;&#x430;&#x437;&#x43A;&#x430;</subfield>
    <subfield code="a">&#x422;&#x440;&#x443;&#x445;&#x430;&#x447;&#x435;&#x432;&#x430;, &#x41E;&#x43B;&#x44C;&#x433;&#x430; &#x410;&#x43D;&#x434;&#x440;&#x435;&#x435;&#x432;&#x43D;&#x430; (1957-)</subfield>
  </datafield>
  <datafield tag="686" ind1=" " ind2=" ">
    <subfield code="a">&#x428;9(2)60=&#x420;7-5</subfield>
  </datafield>
  <datafield tag="700" ind1=" " ind2="1">
    <subfield code="a">&#x422;&#x440;&#x443;&#x445;&#x430;&#x447;&#x435;&#x432;</subfield>
    <subfield code="b">&#x410;. &#x411;.</subfield>
    <subfield code="f">1912-1993</subfield>
    <subfield code="g">&#x410;&#x43D;&#x434;&#x440;&#x435;&#x439; &#x411;&#x43E;&#x440;&#x438;&#x441;&#x43E;&#x432;&#x438;&#x447;</subfield>
    <subfield code="4">070</subfield>
  </datafield>
  <datafield tag="702" ind1=" " ind2="1">
    <subfield code="a">&#x422;&#x440;&#x443;&#x445;&#x430;&#x447;&#x435;&#x432;</subfield>
    <subfield code="b">&#x410;. &#x411;.</subfield>
    <subfield code="f">1912-1993</subfield>
    <subfield code="g">&#x410;&#x43D;&#x434;&#x440;&#x435;&#x439; &#x411;&#x43E;&#x440;&#x438;&#x441;&#x43E;&#x432;&#x438;&#x447;</subfield>
    <subfield code="4">440</subfield>
  </datafield>
  <datafield tag="801" ind1=" " ind2="0">
    <subfield code="a">RU</subfield>
    <subfield code="b">NLR</subfield>
    <subfield code="c">20130429</subfield>
    <subfield code="g">RCR</subfield>
  </datafield>
  <datafield tag="801" ind1=" " ind2="1">
    <subfield code="a">RU</subfield>
    <subfield code="b">NLR</subfield>
    <subfield code="c">20130429</subfield>
  </datafield>
  <datafield tag="942" ind1=" " ind2=" ">
    <subfield code="c">BOOK</subfield>
  </datafield>
  <datafield tag="980" ind1=" " ind2=" ">
    <subfield code="a">NBR</subfield>
  </datafield>
</record>
